[Event "Lindores Abbey Tal Blitz 2021"]
[Site "Riga"]
[Date "2021.11.08"]
[Round "14.31"]
[White "Sargissian, Gabriel"]
[Black "Sadhwani, Raunak"]
[Result "1-0"]
[WhiteElo "2664"]
[BlackElo "2609"]
[Annotator "RC"]
[PlyCount "87"]
[EventDate "2021.11.02"]
[EventType "swiss"]
[EventCountry "LAT"]
[SourceTitle "playchess.com"]
[Source "ChessBase"]
[SourceQuality "1"]

1. d4 Nf6 2. c4 Nc6 3. Nf3 e6 4. a3 d6 5. Nc3 g6 6. g3 Bg7 7. Bg2 O-O 8. O-O e5
9. d5 Ne7 10. e4 Nd7 11. Ne1 f5 12. Nd3 Nf6 13. Bg5 Nxe4 14. Nxe4 fxe4 15. Bxe4
Bf5 16. Qe2 h6 17. Bd2 Qd7 18. f3 Bh3 19. Rfe1 c6 20. Nf2 Bf5 21. Rac1 Rf7 22.
Be3 a6 23. Red1 Raf8 24. b4 g5 25. c5 cxd5 26. Bxd5 Nxd5 27. Rxd5 Qa4 28. cxd6
Be6 29. Rd3 Rxf3 30. Bc5 R3f7 31. d7 Rd8 32. Ne4 Rdxd7 33. Nd6 Rf8 34. Ne4 Rfd8
35. Rxd7 Rxd7 36. Bd6 Qxa3 37. Rc8+ Kh7 38. Nxg5+ Kg6 39. Nxe6 Rxd6 40. Qg4+
Kf6 41. Qxg7+ Kxe6 42. Re8+ Kd5 43. Qxe5+ Kc4 44. Qc5+ 1-0

[Event "Lindores Abbey Tal Blitz 2021"]
[Site "Riga"]
[Date "2021.11.08"]
[Round "14.32"]
[White "Dzagnidze, Nana"]
[Black "Kuzubov, Yuriy"]
[Result "0-1"]
[WhiteElo "2524"]
[BlackElo "2637"]
[Annotator "RC"]
[PlyCount "57"]
[EventDate "2021.11.02"]
[EventType "swiss"]
[EventCountry "LAT"]
[SourceTitle "playchess.com"]
[Source "ChessBase"]
[SourceQuality "1"]

1. d4 Nf6 2. c4 e6 3. Nc3 Bb4 4. e3 O-O 5. Bd3 d5 6. a3 Bxc3+ 7. bxc3 dxc4 8.
Bxc4 c5 9. Ne2 Qc7 10. Ba2 b6 11. O-O Ba6 12. Re1 Nc6 13. Ng3 Rad8 14. a4 Rfe8
15. Ba3 Na5 16. Qf3 Bc4 17. Bb1 e5 18. Nh5 Nxh5 19. Qxh5 g6 20. Qg5 e4 21. Bc2
Bd3 22. Bxd3 exd3 23. dxc5 Nc4 24. cxb6 axb6 25. Red1 d2 26. Qb5 Re5 27. Qb4
Rh5 28. h3 Qc6 29. Kf1 0-1

[Event "Lindores Abbey Tal Blitz 2021"]
[Site "Riga"]
[Date "2021.11.08"]
[Round "14.33"]
[White "Saric, Ivan"]
[Black "Sethuraman, S.P.."]
[Result "0-1"]
[WhiteElo "2665"]
[BlackElo "2620"]
[Annotator "TA"]
[PlyCount "110"]
[EventDate "2021.11.02"]
[EventType "swiss"]
[EventCountry "LAT"]
[SourceTitle "playchess.com"]
[Source "ChessBase"]
[SourceQuality "1"]

1. Nf3 d5 2. g3 c5 3. Bg2 Nf6 4. O-O g6 5. d4 cxd4 6. Nxd4 Bg7 7. Nb3 Nc6 8.
Nc3 e6 9. e4 d4 10. Nb5 e5 11. c3 a6 12. Na3 O-O 13. cxd4 exd4 14. Bf4 Re8 15.
Re1 Nh5 16. Bd2 Qe7 17. Nc4 Be6 18. Nb6 Rad8 19. Nd5 Qd6 20. Bg5 f6 21. Bd2 f5
22. Bg5 fxe4 23. Bxd8 Bxd5 24. Bg5 d3 25. Qd2 Nf6 26. Rac1 Nb4 27. Bf4 Qf8 28.
Rc7 Nc2 29. Rc1 Bc6 30. Na1 Nxa1 31. Rxa1 Nd5 32. Rxg7+ Qxg7 33. Bh6 Qd4 34.
Re1 Qb4 35. h4 a5 36. a3 Qd4 37. h5 Kf7 38. hxg6+ hxg6 39. Qxa5 Qxb2 40. Rxe4
Rxe4 41. Bxe4 Qd4 42. Bf3 Ne7 43. Bxc6 bxc6 44. Bd2 c5 45. a4 c4 46. Qb4 Nd5
47. Qb7+ Ke6 48. Qc8+ Kf7 49. Qd7+ Kf6 50. Bh6 Qe4 51. Bg7+ Kg5 52. f4+ Nxf4
53. gxf4+ Kxf4 54. Qd6+ Kf3 55. Bd4 Qg4+ 0-1

[Event "Lindores Abbey Tal Blitz 2021"]
[Site "Riga"]
[Date "2021.11.08"]
[Round "14.34"]
[White "Cheparinov, Ivan"]
[Black "Donchenko, Alexander"]
[Result "1-0"]
[WhiteElo "2677"]
[BlackElo "2645"]
[Annotator "TA"]
[PlyCount "83"]
[EventDate "2021.11.02"]
[EventType "swiss"]
[EventCountry "LAT"]
[SourceTitle "playchess.com"]
[Source "ChessBase"]
[SourceQuality "1"]

1. d4 Nf6 2. c4 e6 3. Nf3 c5 4. d5 d6 5. Nc3 exd5 6. cxd5 g6 7. Bf4 Bg7 8. e3
O-O 9. h3 Na6 10. Be2 Nc7 11. a4 a6 12. O-O Rb8 13. a5 Re8 14. Re1 b5 15. axb6
Rxb6 16. Ra2 Ne4 17. Nxe4 Rxe4 18. Nd2 Rxf4 19. exf4 Rxb2 20. Rxb2 Bxb2 21. Qb3
Bd4 22. Qb8 Kg7 23. Nf3 Bf6 24. Bc4 Bf5 25. Qxd8 Bxd8 26. g4 Bd7 27. Nd2 f5 28.
g5 Kf8 29. h4 Nb5 30. Ra1 a5 31. Rb1 Nd4 32. Rb7 Ke8 33. Nb3 Nc2 34. Ra7 a4 35.
Na5 Bxa5 36. Rxa5 Nd4 37. Ra8+ Kf7 38. Kg2 Nc2 39. Rh8 a3 40. Rxh7+ Ke8 41. h5
gxh5 42. g6 1-0

[Event "Lindores Abbey Tal Blitz 2021"]
[Site "Riga"]
[Date "2021.11.08"]
[Round "14.35"]
[White "Stefanova, Antoaneta"]
[Black "Chigaev, Maksim"]
[Result "1-0"]
[WhiteElo "2475"]
[BlackElo "2626"]
[Annotator "TA"]
[PlyCount "87"]
[EventDate "2021.11.02"]
[EventType "swiss"]
[EventCountry "LAT"]
[SourceTitle "playchess.com"]
[Source "ChessBase"]
[SourceQuality "1"]

1. d4 Nf6 2. Nf3 g6 3. g3 Bg7 4. Bg2 O-O 5. O-O d6 6. a4 a5 7. Nc3 Nc6 8. d5
Nb4 9. Nd4 Bd7 10. e4 c6 11. dxc6 bxc6 12. h3 Rc8 13. Be3 c5 14. Ndb5 Nc6 15.
Kh2 Ne5 16. b3 Re8 17. Qd2 Nc6 18. f4 c4 19. bxc4 Be6 20. Nd5 Nd7 21. Rad1 Nb4
22. c3 Na6 23. f5 Bxd5 24. cxd5 Nac5 25. Bh6 Ne5 26. Bxg7 Kxg7 27. Qd4 Kg8 28.
fxg6 hxg6 29. Rf4 Qb6 30. Rh4 g5 31. Rh5 f6 32. h4 Ncd7 33. hxg5 Qxd4 34. cxd4
Ng4+ 35. Kg1 Ne3 36. Re1 Nxg2 37. Kxg2 Rc2+ 38. Kh3 Kg7 39. gxf6+ Nxf6 40. Rh4
Kg6 41. e5 dxe5 42. dxe5 Nxd5 43. Rg4+ Kf5 44. Nd4# 1-0

[Event "Lindores Abbey Tal Blitz 2021"]
[Site "Riga"]
[Date "2021.11.08"]
[Round "14.36"]
[White "Morovic Fernandez, Ivan"]
[Black "Demchenko, Anton"]
[Result "1-0"]
[WhiteElo "2510"]
[BlackElo "2655"]
[Annotator "TA"]
[PlyCount "111"]
[EventDate "2021.11.02"]
[EventType "swiss"]
[EventCountry "LAT"]
[SourceTitle "playchess.com"]
[Source "ChessBase"]
[SourceQuality "1"]

1. e4 e5 2. Nf3 Nc6 3. Bb5 a6 4. Ba4 Nge7 5. O-O Ng6 6. c3 d5 7. d3 Be7 8. Re1
O-O 9. Nbd2 Be6 10. Nf1 b5 11. Bb3 dxe4 12. dxe4 Qxd1 13. Rxd1 Bxb3 14. axb3 a5
15. Ne3 Rfb8 16. Nd5 Bd6 17. Be3 f6 18. Kf1 Nf8 19. Ke2 Ne6 20. Ne1 b4 21. Rdb1
Rb7 22. Kd3 bxc3 23. bxc3 Nb8 24. Kc2 Nd7 25. Rd1 Rab8 26. Nxc7 Bxc7 27. Rxd7
Nf8 28. Rd5 Rxb3 29. Nd3 Ne6 30. g3 R3b7 31. f4 exf4 32. gxf4 Re8 33. Ra4 Rbb8
34. h4 Rbc8 35. h5 Rcd8 36. Rc4 Re7 37. f5 Rxd5 38. exd5 Ng5 39. Bc5 Rd7 40.
Ba3 Nf3 41. Re4 Kf7 42. c4 g5 43. hxg6+ hxg6 44. fxg6+ Kxg6 45. Nc5 Rh7 46. Ne6
Be5 47. Nf8+ Kf5 48. Rxe5+ Kxe5 49. Nxh7 Kd4 50. d6 Ne5 51. Bb2+ Kc5 52. Bxe5
Kc6 53. Nxf6 a4 54. Kc3 a3 55. Kb3 Kb6 56. d7 1-0

[Event "Lindores Abbey Tal Blitz 2021"]
[Site "Riga"]
[Date "2021.11.08"]
[Round "14.37"]
[White "Rakhmanov, Aleksandr"]
[Black "Gunina, Valentina"]
[Result "1/2-1/2"]
[WhiteElo "2650"]
[BlackElo "2480"]
[Annotator "TA"]
[PlyCount "48"]
[EventDate "2021.11.02"]
[EventType "swiss"]
[EventCountry "LAT"]
[SourceTitle "playchess.com"]
[Source "ChessBase"]
[SourceQuality "1"]

1. c4 c6 2. d4 d5 3. Nf3 Nf6 4. cxd5 cxd5 5. Nc3 Nc6 6. Bf4 a6 7. Ne5 e6 8. e3
Nxe5 9. Bxe5 Be7 10. Bd3 O-O 11. O-O Bd7 12. f4 b5 13. f5 b4 14. Ne2 exf5 15.
Bxf5 Bxf5 16. Rxf5 Ng4 17. Qd3 g6 18. Rf3 Nxe5 19. dxe5 Bc5 20. Rd1 Qe7 21.
Qxd5 Rad8 22. Qb3 Rxd1+ 23. Qxd1 Qxe5 24. Qb3 Kg7 1/2-1/2

[Event "Lindores Abbey Tal Blitz 2021"]
[Site "Riga"]
[Date "2021.11.08"]
[Round "14.38"]
[White "Ter-Sahakyan, Samvel"]
[Black "Muzychuk, Mariya"]
[Result "1-0"]
[WhiteElo "2615"]
[BlackElo "2536"]
[Annotator "TA"]
[PlyCount "163"]
[EventDate "2021.11.02"]
[EventType "swiss"]
[EventCountry "LAT"]
[SourceTitle "playchess.com"]
[Source "ChessBase"]
[SourceQuality "1"]

1. e4 e5 2. Nf3 Nc6 3. Bb5 a6 4. Ba4 Nf6 5. O-O Nxe4 6. d4 b5 7. Bb3 d5 8. dxe5
Be6 9. c3 Be7 10. Nbd2 Nc5 11. Bc2 d4 12. Nb3 d3 13. Bb1 Nxb3 14. axb3 Bf5 15.
Be3 O-O 16. Bd4 Nxd4 17. Nxd4 Bg6 18. f4 Be4 19. Re1 Qd5 20. Bxd3 Bxd3 21. Qxd3
c5 22. Qf3 Qd7 23. e6 fxe6 24. Nxe6 Rfe8 25. Rad1 Qa7 26. Kh1 Bf6 27. f5 Re7
28. h3 Rae8 29. Rd5 c4 30. b4 Qb7 31. Red1 g6 32. Qg4 Kh8 33. Rf1 gxf5 34.
Rdxf5 Rxe6 35. Rxf6 Rxf6 36. Rxf6 Re1+ 37. Kh2 Qc7+ 38. g3 Qe7 39. Qc8+ Kg7 40.
Rf2 Qe6 41. Qc7+ Kg6 42. Qf4 Re4 43. Qf3 Re3 44. Qf4 Re4 45. Qf8 Re2 46. Qf3
Rxf2+ 47. Qxf2 Qe4 48. h4 h5 49. Qd2 Qf5 50. Kg2 Qe4+ 51. Kf2 Qf5+ 52. Kg1 Qb1+
53. Kg2 Qe4+ 54. Kh2 Qf5 55. Qe2 Qb1 56. Kg2 Qc1 57. Qe6+ Kg7 58. Qe5+ Kg6 59.
Qe8+ Kh6 60. Qe2 Kg6 61. Kf3 Qh1+ 62. Kf4 Qc1+ 63. Ke5 Qg1 64. Qe4+ Kg7 65. Qf4
Qe1+ 66. Kd6 Qd1+ 67. Kc6 Qe2 68. Kb6 Qxb2 69. Qe5+ Kg6 70. Qg5+ Kf7 71. Qxh5+
Kf6 72. Qg5+ Ke6 73. Qe3+ Kf5 74. Qf4+ Ke6 75. Qe4+ Kf6 76. Qd4+ Kg6 77. Kxa6
Qg2 78. Kxb5 Qxg3 79. Kxc4 Qc7+ 80. Kb3 Qf7+ 81. Qc4 Qf5 82. Qg8+ 1-0

[Event "Lindores Abbey Tal Blitz 2021"]
[Site "Riga"]
[Date "2021.11.08"]
[Round "14.39"]
[White "Jumabayev, Rinat"]
[Black "Cori T., Deysi"]
[Result "1-0"]
[WhiteElo "2658"]
[BlackElo "2396"]
[Annotator "TA"]
[PlyCount "105"]
[EventDate "2021.11.02"]
[EventType "swiss"]
[EventCountry "LAT"]
[SourceTitle "playchess.com"]
[Source "ChessBase"]
[SourceQuality "1"]

1. Nf3 Nf6 2. g3 g6 3. c4 Bg7 4. Bg2 O-O 5. d4 c6 6. O-O d5 7. Nbd2 Ne4 8. Qb3
Nxd2 9. Bxd2 dxc4 10. Qxc4 Be6 11. Qb4 Bd5 12. Rfd1 Nd7 13. Qxb7 Nb6 14. Qa6
Bc4 15. Qa3 Bxe2 16. Re1 Bxf3 17. Qxf3 Qxd4 18. Bc3 Qc5 19. Bxg7 Kxg7 20. Rac1
Qb4 21. Qc3+ Qxc3 22. Rxc3 e6 23. Bxc6 Rac8 24. Rec1 Rfd8 25. R1c2 Rd1+ 26. Kg2
Rcd8 27. a3 R1d2 28. Kf1 R2d4 29. Ke2 g5 30. Bg2 h6 31. Rc7 a5 32. Rb7 Nd7 33.
Rb5 a4 34. Bc6 Nf6 35. Ra5 Rd1 36. Rxa4 Rb1 37. Rb4 g4 38. Rd2 Rc8 39. Rb6 Rc1
40. Bb5 Rb1 41. Bd3 Rh1 42. a4 Rcc1 43. Bc2 Nd5 44. Rb3 Rhe1+ 45. Kd3 e5 46. a5
Ra1 47. Ra3 Nb4+ 48. Kc4 Nxc2 49. Rxc2 Rad1 50. a6 Rd4+ 51. Kc5 Red1 52. a7 Rd8
53. a8=Q 1-0

[Event "Lindores Abbey Tal Blitz 2021"]
[Site "Riga"]
[Date "2021.11.08"]
[Round "14.40"]
[White "Abasov, Nijat"]
[Black "Javakhishvili, Lela"]
[Result "1-0"]
[WhiteElo "2634"]
[BlackElo "2446"]
[Annotator "RC"]
[PlyCount "62"]
[EventDate "2021.11.02"]
[EventType "swiss"]
[EventCountry "LAT"]
[SourceTitle "playchess.com"]
[Source "ChessBase"]
[SourceQuality "1"]

1. d4 Nf6 2. Nf3 d5 3. Bf4 c5 4. e3 Nc6 5. Nbd2 cxd4 6. exd4 Bf5 7. Bb5 e6 8.
O-O Bd6 9. Ne5 O-O 10. Bxc6 bxc6 11. Nxc6 Qc7 12. Bxd6 Qxd6 13. Ne5 Rab8 14.
Nb3 Rfc8 15. c3 a5 16. Qe2 Qb6 17. g4 Bg6 18. g5 Ne4 19. Nd7 Qd8 20. Nxb8 Qxg5+
21. Kh1 Rxb8 22. f3 Qh5 23. Qg2 a4 24. Nc5 Nxc5 25. dxc5 e5 26. b4 axb3 27.
axb3 e4 28. f4 e3 29. f5 Bxf5 30. Qxd5 g6 31. Ra7 Kh8 1-0

[Event "Lindores Abbey Tal Blitz 2021"]
[Site "Riga"]
[Date "2021.11.08"]
[Round "14.41"]
[White "Assaubayeva, Bibisara"]
[Black "Sjugirov, Sanan"]
[Result "1/2-1/2"]
[WhiteElo "2400"]
[BlackElo "2663"]
[Annotator "TA"]
[PlyCount "107"]
[EventDate "2021.11.02"]
[EventType "swiss"]
[EventCountry "LAT"]
[SourceTitle "playchess.com"]
[Source "ChessBase"]
[SourceQuality "1"]

1. d4 Nf6 2. c4 e6 3. Nf3 d5 4. Nc3 Nbd7 5. cxd5 exd5 6. Bg5 c6 7. e3 h6 8. Bh4
g5 9. Bg3 Nh5 10. Be5 Nxe5 11. Nxe5 Nf6 12. h4 g4 13. h5 Be6 14. Be2 Rg8 15.
Qc2 Bd6 16. O-O-O Qe7 17. Kb1 Nd7 18. Nd3 O-O-O 19. Nb5 Bb8 20. Rc1 a6 21. Nc3
Bd6 22. Nf4 Bxf4 23. exf4 Qf6 24. Qd2 g3 25. f3 Nb6 26. b3 Kb8 27. Bd1 Rde8 28.
Bc2 Bf5 29. Rhe1 Bxc2+ 30. Kxc2 Qf5+ 31. Kb2 Qxh5 32. Re5 Rxe5 33. fxe5 Qg6 34.
Ne2 f6 35. Rh1 fxe5 36. dxe5 h5 37. Nd4 Re8 38. f4 c5 39. Nf3 d4 40. Qc2 Qc6
41. Rxh5 Nd5 42. Qe4 Qd7 43. e6 Qxe6 44. Qxe6 Rxe6 45. Rxd5 Re2+ 46. Ka3 Rxg2
47. Rxc5 d3 48. Rg5 d2 49. Nxd2 Rxd2 50. Rxg3 Rf2 51. Rg8+ Kc7 52. Rg7+ Kc6 53.
Rf7 a5 54. Rf6+ 1/2-1/2

[Event "Lindores Abbey Tal Blitz 2021"]
[Site "Riga"]
[Date "2021.11.08"]
[Round "14.42"]
[White "Rakotomaharo, Fy Antenaina"]
[Black "Neiksans, Arturs"]
[Result "1-0"]
[WhiteElo "2487"]
[BlackElo "2575"]
[Annotator "ChessBase"]
[PlyCount "109"]
[EventDate "2021.11.02"]
[EventType "swiss"]
[EventCountry "LAT"]
[SourceTitle "playchess.com"]
[Source "ChessBase"]
[SourceQuality "1"]

1. e4 c5 2. Nf3 e6 3. d4 cxd4 4. Nxd4 Nc6 5. Nc3 Qc7 6. Be3 a6 7. g4 b5 8. Nxc6
dxc6 9. Qf3 Ne7 10. h4 e5 11. g5 Ng6 12. h5 Nf4 13. Ne2 Bd6 14. Nxf4 exf4 15.
Bd4 Be5 16. O-O-O Be6 17. Qc3 Bxd4 18. Qxd4 Rg8 19. Bg2 Qe7 20. e5 Rc8 21. Qxf4
h6 22. g6 fxg6 23. hxg6 Rf8 24. Qg3 Qg5+ 25. Qxg5 hxg5 26. Rd6 Ke7 27. Rh7 Rg8
28. Bxc6 Rcd8 29. Rxd8 Kxd8 30. Be4 g4 31. a3 Rf8 32. Rh2 Rf4 33. Bd3 Ke7 34.
Kd2 Rd4 35. Ke3 Rd5 36. Ke4 Rc5 37. Rh7 Kf8 38. Rh8+ Ke7 39. Rb8 Bd7 40. Rb6 a5
41. b4 axb4 42. axb4 Rc3 43. Kd5 Rc7 44. e6 Be8 45. Bxb5 Bxg6 46. c4 Ra7 47.
Ra6 Rb7 48. Kc5 Bf5 49. Bc6 Rb8 50. Ra7+ Kf6 51. e7 Bg6 52. b5 Rh8 53. b6 Rh5+
54. Kd6 Rh8 55. Rd7 1-0

[Event "Lindores Abbey Tal Blitz 2021"]
[Site "Riga"]
[Date "2021.11.08"]
[Round "14.43"]
[White "Firat, Burak"]
[Black "Kuybokarov, Temur"]
[Result "0-1"]
[WhiteElo "2480"]
[BlackElo "2549"]
[Annotator "ChessBase"]
[PlyCount "112"]
[EventDate "2021.11.02"]
[EventType "swiss"]
[EventCountry "LAT"]
[SourceTitle "playchess.com"]
[Source "ChessBase"]
[SourceQuality "1"]

1. d4 Nf6 2. c4 g6 3. Nc3 d5 4. Nf3 Bg7 5. cxd5 Nxd5 6. e4 Nxc3 7. bxc3 c5 8.
Be3 Qa5 9. Qd2 Nc6 10. Rb1 a6 11. Rc1 cxd4 12. cxd4 Qxd2+ 13. Kxd2 e6 14. h4
O-O 15. Bd3 h6 16. Rc4 Bd7 17. Rb1 b5 18. Rcc1 Rfc8 19. g4 Bf8 20. e5 Nb4 21.
Be4 Bc6 22. Bxc6 Nxc6 23. Kd3 Nb4+ 24. Ke4 Nxa2 25. Rxc8 Rxc8 26. Bd2 Nc3+ 27.
Bxc3 Rxc3 28. Ra1 Rc6 29. Nd2 Bb4 30. Nb3 Kf8 31. f4 Ke7 32. f5 gxf5+ 33. gxf5
Kd7 34. fxe6+ fxe6 35. Rg1 Rc3 36. Nd2 Rc2 37. Nf3 Re2+ 38. Kd3 Rf2 39. Ke3 Rc2
40. Ke4 a5 41. Rg7+ Be7 42. d5 exd5+ 43. Kxd5 Rc5+ 44. Kd4 Rc4+ 45. Kd5 a4 46.
e6+ Kd8 47. Ne5 Rc5+ 48. Kd4 Rc1 49. Nf7+ Kc7 50. Nxh6 Kd8 51. Nf7+ Kc8 52. Kd5
Rc5+ 53. Kd4 Rc4+ 54. Kd5 Rc5+ 55. Kd4 Rh5 56. Ng5 Bf6+ 0-1

[Event "Lindores Abbey Tal Blitz 2021"]
[Site "Riga"]
[Date "2021.11.08"]
[Round "14.44"]
[White "Miezis, Normunds"]
[Black "Meshkovs, Nikita"]
[Result "0-1"]
[WhiteElo "2446"]
[BlackElo "2557"]
[Annotator "ChessBase"]
[PlyCount "104"]
[EventDate "2021.11.02"]
[EventType "swiss"]
[EventCountry "LAT"]
[SourceTitle "playchess.com"]
[Source "ChessBase"]
[SourceQuality "1"]

1. c4 Nf6 2. Nc3 g6 3. g3 Bg7 4. Bg2 O-O 5. e4 d6 6. Nge2 e5 7. O-O a6 8. d4
exd4 9. Nxd4 Re8 10. h3 Bd7 11. Re1 Nc6 12. Be3 Qc8 13. Kh2 Re5 14. Nd5 Re8 15.
Nxc6 bxc6 16. Nxf6+ Bxf6 17. Bd4 Qd8 18. f4 Rb8 19. b3 a5 20. Rb1 c5 21. Bxf6
Qxf6 22. e5 Qd8 23. Qd2 dxe5 24. Rbd1 Bf5 25. Qxa5 Qf6 26. fxe5 Rxe5 27. Qxc7
Rbe8 28. Rxe5 Rxe5 29. Qd8+ Qxd8 30. Rxd8+ Kg7 31. g4 Be6 32. Rd2 Re3 33. Kg1
f5 34. Kf2 Rc3 35. gxf5 Bxf5 36. h4 Kf6 37. Bf3 Ke5 38. Be2 Kf4 39. h5 g5 40.
Rd8 Rc2 41. Ke1 Rxa2 42. Rf8 Ke5 43. Re8+ Kd4 44. Rd8+ Ke3 45. Re8+ Be4 46. Bd1
Ra1 47. Re5 g4 48. Rxc5 g3 49. Rg5 g2 50. h6 Bf3 51. Re5+ Kf4 52. Kf2 Kxe5 0-1

[Event "Lindores Abbey Tal Blitz 2021"]
[Site "Riga"]
[Date "2021.11.08"]
[Round "14.45"]
[White "Tregubov, Pavel V."]
[Black "Padmini, Rout"]
[Result "1-0"]
[WhiteElo "2537"]
[BlackElo "2353"]
[Annotator "ChessBase"]
[PlyCount "25"]
[EventDate "2021.11.02"]
[EventType "swiss"]
[EventCountry "LAT"]
[SourceTitle "playchess.com"]
[Source "ChessBase"]
[SourceQuality "1"]

1. e4 c5 2. Nf3 Nc6 3. c3 d5 4. exd5 Qxd5 5. d4 g6 6. Na3 cxd4 7. Nb5 Kd8 8.
Nbxd4 Nxd4 9. cxd4 Bg7 10. Be2 Nf6 11. O-O Bd7 12. Ne5 Ne4 13. Bc4 1-0

[Event "Lindores Abbey Tal Blitz 2021"]
[Site "Riga"]
[Date "2021.11.08"]
[Round "14.46"]
[White "Harika, Dronavalli"]
[Black "Munguntuul, Batkhuyag"]
[Result "1-0"]
[WhiteElo "2511"]
[BlackElo "2433"]
[Annotator "TA"]
[PlyCount "113"]
[EventDate "2021.11.02"]
[EventType "swiss"]
[EventCountry "LAT"]
[SourceTitle "playchess.com"]
[Source "ChessBase"]
[SourceQuality "1"]

1. e4 c5 2. c3 Nf6 3. e5 Nd5 4. Nf3 d6 5. exd6 e6 6. g3 Bxd6 7. Bg2 O-O 8. d4
cxd4 9. Nxd4 Nc6 10. O-O Bd7 11. c4 Nb6 12. Nb5 Bc5 13. Nd2 Ne5 14. Ne4 Qe7 15.
b3 Bxb5 16. cxb5 Rad8 17. Qh5 Bd4 18. Rb1 Nd5 19. Bd2 Rc8 20. Rbd1 Rfd8 21. Bg5
f6 22. Rxd4 fxg5 23. Nxg5 Nf6 24. Rxd8+ Rxd8 25. Qe2 Nfd7 26. f4 b6 27. Bh3
Qc5+ 28. Kh1 Qd5+ 29. Bg2 Qd3 30. Qxd3 Nxd3 31. Nxe6 Re8 32. Ng5 Nf6 33. Bh3 h6
34. Be6+ Kf8 35. Bc4 hxg5 36. fxg5 Ne5 37. gxf6 Nxc4 38. fxg7+ Kxg7 39. bxc4
Re2 40. a4 Ra2 41. Rf4 Rxa4 42. Kg2 a6 43. bxa6 Rxa6 44. Rd4 Ra4 45. Rd7+ Kg8
46. Rc7 Rb4 47. h4 b5 48. cxb5 Rxb5 49. Kh3 Rb4 50. h5 Ra4 51. g4 Rb4 52. Kh4
Rb5 53. h6 Kh8 54. g5 Rb6 55. Kh5 Ra6 56. Rc8+ Kh7 57. g6+ 1-0

[Event "Lindores Abbey Tal Blitz 2021"]
[Site "Riga"]
[Date "2021.11.08"]
[Round "14.47"]
[White "Zhou, Jianchao"]
[Black "Divya Deshmukh"]
[Result "1-0"]
[WhiteElo "2616"]
[BlackElo "2310"]
[Annotator "TA"]
[PlyCount "74"]
[EventDate "2021.11.02"]
[EventType "swiss"]
[EventCountry "LAT"]
[SourceTitle "playchess.com"]
[Source "ChessBase"]
[SourceQuality "1"]

1. e3 Nf6 2. Nf3 d5 3. c4 e6 4. Nc3 c6 5. b3 Be7 6. d4 Bb4 7. Bd2 Bxc3 8. Bxc3
Ne4 9. Bb2 Qa5+ 10. Nd2 O-O 11. Bd3 f5 12. a3 Nxd2 13. Qxd2 Qb6 14. b4 a5 15.
c5 Qd8 16. b5 cxb5 17. Bxb5 Bd7 18. Be2 Nc6 19. O-O b6 20. Rfc1 bxc5 21. Rxc5
Ne7 22. Bc3 a4 23. Rc1 Ng6 24. f4 Nh8 25. Bb4 Nf7 26. Rc7 Re8 27. Qc3 Rc8 28.
Qc5 g5 29. Ba6 Ra8 30. Bb7 Rb8 31. Qa7 gxf4 32. exf4 Qh4 33. Rxd7 Qxf4 34. Rf1
Qe3+ 35. Kh1 Ng5 36. Ba6 Qe4 37. Rg7+ Kh8 1-0

[Event "Lindores Abbey Tal Blitz 2021"]
[Site "Riga"]
[Date "2021.11.08"]
[Round "14.48"]
[White "Garifullina, Leya"]
[Black "Saduakassova, Dinara"]
[Result "1/2-1/2"]
[WhiteElo "2416"]
[BlackElo "2491"]
[Annotator "ChessBase"]
[PlyCount "61"]
[EventDate "2021.11.02"]
[EventType "swiss"]
[EventCountry "LAT"]
[SourceTitle "playchess.com"]
[Source "ChessBase"]
[SourceQuality "1"]

1. e4 e5 2. Nf3 Nc6 3. Bb5 a6 4. Ba4 Nf6 5. O-O Nxe4 6. d4 b5 7. Bb3 d5 8. dxe5
Be6 9. Be3 Be7 10. c3 O-O 11. Nbd2 Bg4 12. Nxe4 dxe4 13. Qd5 Qxd5 14. Bxd5 exf3
15. Bxc6 fxg2 16. Rfc1 Rab8 17. a4 b4 18. cxb4 Rxb4 19. Bxg2 c5 20. Bxc5 Bxc5
21. Rxc5 Rxb2 22. h3 Be6 23. a5 g5 24. Rd1 Rfb8 25. Rc6 Rb1 26. Rxb1 Rxb1+ 27.
Kh2 Rb2 28. Kg3 Rb3+ 29. Kh2 Rb2 30. Kg1 Rb1+ 31. Kh2 1/2-1/2

[Event "Lindores Abbey Tal Blitz 2021"]
[Site "Riga"]
[Date "2021.11.08"]
[Round "14.49"]
[White "Buksa, Nataliya"]
[Black "Zhu, Jiner"]
[Result "0-1"]
[WhiteElo "2410"]
[BlackElo "2455"]
[Annotator "ChessBase"]
[PlyCount "74"]
[EventDate "2021.11.02"]
[EventType "swiss"]
[EventCountry "LAT"]
[SourceTitle "playchess.com"]
[Source "ChessBase"]
[SourceQuality "1"]

1. d4 Nf6 2. Nc3 d5 3. Bf4 c6 4. e3 e6 5. Nf3 Nbd7 6. Bd3 Be7 7. g4 h6 8. h3 b5
9. Qe2 Qb6 10. Rg1 Bb7 11. h4 a6 12. O-O-O g6 13. g5 hxg5 14. Bxg5 c5 15. dxc5
Qxc5 16. Kb1 O-O-O 17. Bf4 Bd6 18. Bxd6 Qxd6 19. Bxb5 axb5 20. Nxb5 Qb6 21. Rd3
Nc5 22. Ra3 Ba6 23. Nfd4 e5 24. Nb3 Bxb5 25. Qf3 Nb7 26. Qh3+ Kb8 27. Qg3 Qc7
28. f3 d4 29. exd4 exd4 30. Qg5 Qb6 31. Qe5+ Rd6 32. Nd2 Re8 33. Qf4 d3 34. Rc1
dxc2+ 35. Ka1 Qd4 36. Qxd4 Rxd4 37. Nb3 Rd1 0-1

[Event "Lindores Abbey Tal Blitz 2021"]
[Site "Riga"]
[Date "2021.11.08"]
[Round "14.50"]
[White "Kosteniuk, Alexandra"]
[Black "Badelka, Olga"]
[Result "1/2-1/2"]
[WhiteElo "2518"]
[BlackElo "2438"]
[Annotator "ChessBase"]
[PlyCount "131"]
[EventDate "2021.11.02"]
[EventType "swiss"]
[EventCountry "LAT"]
[SourceTitle "playchess.com"]
[Source "ChessBase"]
[SourceQuality "1"]

1. e4 c5 2. c3 Nf6 3. e5 Nd5 4. d4 cxd4 5. Nf3 d6 6. cxd4 Nc6 7. Bc4 dxe5 8.
Bxd5 Qxd5 9. Nc3 Qd6 10. d5 Nd4 11. Nxd4 exd4 12. Qxd4 e5 13. Qd3 Be7 14. Nb5
Qb6 15. d6 Bd8 16. Be3 Qa5+ 17. Bd2 Qb6 18. Rc1 Be6 19. d7+ Bxd7 20. Nd6+ Kf8
21. O-O Be6 22. Bc3 Bf6 23. Ne4 Rd8 24. Qe2 h5 25. Nxf6 gxf6 26. Kh1 h4 27. h3
Rg8 28. Qh5 Bd5 29. f3 Qe3 30. Qxh4 Ke7 31. Bb4+ Ke6 32. Rc7 Rde8 33. Qf2 Qxf2
34. Rxf2 Bc6 35. Kh2 f5 36. Re2 e4 37. fxe4 fxe4 38. g4 Rg5 39. Kg3 Rb5 40. Ba3
a5 41. Rf2 Rd5 42. Rcxf7 Rd3+ 43. Kh4 Rh8+ 44. Kg5 Rhxh3 45. Re7+ Kd5 46. Re2
Rde3 47. Rd2+ Rd3 48. Re2 Rde3 49. Rxe3 Rxe3 50. Kh4 Re1 51. g5 e3 52. g6 Rg1
53. Kh5 Kd4 54. Kh6 Kd3 55. Rxe3+ Kxe3 56. Bc5+ Kd3 57. Bxg1 Kc2 58. Bd4 Bd5
59. a3 b5 60. Kh7 Kb3 61. g7 b4 62. axb4 Kxb4 63. Bf6 Kb3 64. g8=Q Bxg8+ 65.
Kxg8 a4 66. Be5 1/2-1/2

[Event "Lindores Abbey Tal Blitz 2021"]
[Site "Riga"]
[Date "2021.11.08"]
[Round "14.51"]
[White "Socko, Monika"]
[Black "Batsiashvili, Nino"]
[Result "1-0"]
[WhiteElo "2393"]
[BlackElo "2491"]
[Annotator "TA"]
[PlyCount "36"]
[EventDate "2021.11.02"]
[EventType "swiss"]
[EventCountry "LAT"]
[SourceTitle "playchess.com"]
[Source "ChessBase"]
[SourceQuality "1"]

1. d4 d5 2. c4 e6 3. Nf3 Nf6 4. Nc3 Bb4 5. Qa4+ Nc6 6. e3 O-O 7. Be2 dxc4 8.
Bxc4 a6 9. Qc2 Bd6 10. O-O e5 11. d5 Ne7 12. e4 Ng6 13. h3 Nh5 14. Ne2 h6 15.
Bd3 Qf6 16. Nh2 Ngf4 17. Nxf4 Nxf4 18. Bxf4 Qxf4 1-0